000 00311nam a22001337a 4500
008 170825b xxu||||| |||| 00| 0 eng d
020 _a9780312442392
041 _aeng
080 _25 ED
_a070
100 _a39
101 _aMED
245 _aORGANIZATIONAL COMMUNICATION
_cEISENB RG.E.M
942 _2udc
_cBK
999 _c24996
_d24996